Central Library OPAC University of Rajshahi

ভারতী ইতিহাস ও রচনাপঞ্জী / (Record no. 55659)

MARC details
000 -LEADER
fixed length control field 00758nam a2200217 a 4500
001 - CONTROL NUMBER
control field 55659
003 - CONTROL NUMBER IDENTIFIER
rucl marc code BD-RjUL
005 - DATE AND TIME OF LATEST TRANSACTION
control field 20211209080310.0
008 - FIXED-LENGTH DATA ELEMENTS--GENERAL INFORMATION
fixed length control field 161120s1984 ii ||||| |||| 00| 0 ben d
035 ## - SYSTEM CONTROL NUMBER
System control number (BD-RjUL)55783
040 ## - CATALOGING SOURCE
Original cataloging agency BD-RjUL
Language of cataloging ben
Transcribing agency BD-RjUL
Modifying agency BD-RjUL
041 ## - LANGUAGE CODE
Language code of text/sound track or separate title ben
082 ## - DEWEY DECIMAL CLASSIFICATION NUMBER
Edition number 23
Classification number 954
Author mark and year DAV 1984
100 ## - MAIN ENTRY--PERSONAL NAME
Personal name দাস, সুনীল
9 (RLIN) 165792
245 10 - TITLE STATEMENT
Title ভারতী ইতিহাস ও রচনাপঞ্জী /
Statement of responsibility, etc. সুনীল দাস
260 ## - PUBLICATION, DISTRIBUTION, ETC. (IMPRINT)
Place of publication, distribution, etc. কলিকাতা :
Name of publisher, distributor, etc. সাহিত্যলোক,
Date of publication, distribution, etc. ১৯৮৪.
300 ## - PHYSICAL DESCRIPTION
Pagination ৪৬৮ পৃ. :
Illustrations চিত্র ;
Size ২১ সেমি.
651 ## - SUBJECT ADDED ENTRY--GEOGRAPHIC NAME
Geographic name ভারত
Form subdivision ইতিহাস
9 (RLIN) 165793
Geographic name India
Form subdivision History
9 (RLIN) 165794
942 ## - ADDED ENTRY ELEMENTS (KOHA)
Source of classification or shelving scheme Dewey Decimal Classification
Koha item type Books
Holdings
Lost status Source of classification or shelving scheme Damaged status Not for loan Collection code Permanent Location Current Location Shelving location Date acquired Source of acquisition Cost, normal purchase price Total Checkouts Full call number Date last seen Copy number Koha item type
  Dewey Decimal Classification     Non-fiction Central Library, University of Rajshahi Central Library, University of Rajshahi   18/10/2005 Paragon Enterprise Ltd.Dhaka. 120.00   B 954 DAV 1984 20/11/2016 C-2 Books
  Dewey Decimal Classification   Not For Loan Non-fiction Central Library, University of Rajshahi Central Library, University of Rajshahi Reading Room 18/10/2005 Paragon Enterprises 120.00   B 954 DAV 1984 27/10/2022 C-1 Books